000 00501nam a22001697a 4500
005 20231109092354.0
008 231109b |||||||| |||| 00| 0 eng d
020 _a0702126403
041 _aEnglish
082 _a346.2 FIN
100 _aFinsen, E
_lEnglish
245 _aThe New Building Contract /
_cE Finsen
260 _aCape Town :
_bJuta and Company Ltd,
_c1991
300 _bxii, 226 pages ;
_c25,5 cm.
650 _aLegal practice
_bLaw
942 _cBK
_6ALISON_BN_VRIES
999 _c467
_d467